Houston TX Subdivisions - Statistics

General Stats
  • This quiz has been taken 2 times
  • The average score is 9 of 115
Answer Stats
Population Subdivision % Correct
77,509 Memorial
100%
6,894 River Oaks
100%
6,794 Upper Kirby
100%
4,676 Downtown
50%
15,994 Houston Heights
50%
21,454 Lazy Brook
50%
5,134 Midtown
50%
28,053 Montrose
50%
22,835 Myerland
50%
320 Rice Village
50%
50,859 Spring
50%
17,470 Third Ward
50%
26,809 Uptown
50%
18,884 West University Place
50%
26,023 Acres Homes
0%
18,359 Alden Bridge
0%
71,435 Alief
0%
24,545 Allendale
0%
12,927 Astrodome
0%
460 Belle Court
0%
~100 Binz
0%
7,327 Braeburn
0%
4,281 Braesview Terrace
0%
14,999 Braeswood Place
0%
30,477 Briar Forest
0%
24,971 Briar Meadow
0%
102,252 Central Southwest
0%
50,378 Clear Lake
0%
3,978 Clinton Park
0%
21,625 Cochrans Crossing
0%
2,623 College Court Place
0%
~300 College Park
0%
4,556 Colonial Terrace
0%
6,885 Creekside Park
0%
292 Cunningham Terrace
0%
4,389 Dorado
0%
100,357 East End
0%
19,546 East Houston
0%
23,980 East Little York
0%
11,493 Eastwood
0%
20,587 Edgebrook
0%
10,920 Eldridge
0%
23,661 Fairbanks
0%
16,404 Fifth Ward
0%
8,533 Fondren Gardens
0%
1,914 Fondren Park
0%
27,042 Fondren Southwest
0%
149 Fonmeadow
0%
~200 Forth Ward
0%
35,856 Garden Oaks
0%
33,825 George Bush International Airport
0%
28,062 Golfcrest
0%
50,745 Greater Heights
0%
28,811 Greater Hobby
0%
25,865 Greater Inwood
0%
13,376 Greenspoint
0%
31,087 Grogans Mill
0%
13,861 Gulfgate
0%
32,050 Gulfton
0%
5,335 Harrisburg
0%
~500 Herman Park
0%
4,528 Hidden Valley
0%
1,102 Huntwood
0%
12,738 Independence Heights
0%
31,127 Jensen
0%
12,539 Kashmere Gardens
0%
4,693 Langwood
0%
17,465 MacGregor
0%
17,248 Magnolia Park
0%
~100 Medical Center
0%
46,702 Memorial Park
0%
17,731 Minnetex
0%
1,261 Monticello
0%
45,742 Museum District
0%
17,382 Neartown
0%
33,241 North Shore
0%
40,363 Northside
0%
50,206 Northside Village
0%
15,195 Panther Creek
0%
11,607 Park Place
0%
25,130 Park Ten
0%
15,396 Pecan Park
0%
1,301 Pembertton
0%
3,785 Pleasantville
0%
52,620 Port Houston
0%
5,509 Research Forest
0%
2,099 Rice Court
0%
1,159 Richmond Plaza
0%
9,847 Second Ward
0%
3,322 Settegast
0%
40,370 Sharpstown
0%
14,023 South Acres
0%
47,218 Southbelt
0%
~250 South Main
0%
245 South Main Gardens
0%
23,646 South Park
0%
18,595 South Union
0%
6,852 Spring Branch
0%
18,505 Spring Branch Central
0%
23,488 Spring Branch East
0%
18,245 Spring Branch West
0%
7,997 Spring Shadows
0%
15,614 Sterling Ridge
0%
26,328 Sunnyside
0%
1,133 Sunset Terrace
0%
49,881 The Villages
0%
22,478 Trinity
0%
18,360 University Place
0%
495 Virginia Court
0%
84,857 Washington Ave.
0%
14,289 Wayside
0%
16,843 Westbury
0%
15,236 Westchase
0%
4,061 Westwood
0%
10,923 Willow Bend
0%
No matching quizzes found
Score Distribution
Percent of People with Each Score
Percentile by Number Answered
Your Score History
You have not taken this quiz